|
|
|
|
| LEADER |
00000nam0a2200000 4500 |
| 001 |
130278 |
| 005 |
20231031133841.0 |
| 010 |
|
|
|a 5942112916
|
| 035 |
|
|
|a (RuTPU)RU\TPU\book\141099
|
| 090 |
|
|
|a 130278
|
| 100 |
|
|
|a 20080201d2006 m y0rusy50 ca
|
| 101 |
0 |
|
|a rus
|
| 102 |
|
|
|a RU
|
| 105 |
|
|
|a a j 000zy
|
| 200 |
1 |
|
|a Квантовая механика, физика твердого тела и элементы атомной физики
|e сборник задач
|f И. И. Парфенова [и др.]
|g Санкт-Петербургский государственный горный институт им. Г. В. Плеханова (технический университет) (СПбГГИ (ТУ))
|
| 210 |
|
|
|a СПб.
|c Изд-во СПбГГИ
|d 2006
|
| 215 |
|
|
|a 112 с.
|c ил.
|
| 330 |
|
|
|a Сборник задач охватывает основные разделы курса «Общая физика-IV»: «Квантовая механика», «Физика твердого тела», «Атомная и ядерная физика». В каждом разделе сборника приведены основные понятия, законы и формулы, предложены примеры решения задач, а также задачи для самостоятельного решения. Сборник соответствует требованиям, предъявляемым к знаниям студентов технических специальностей вузов, и предназначен для студентов всех специальностей и всех форм обучения.
|
| 610 |
1 |
|
|a квантовая механика
|
| 610 |
1 |
|
|a твердые тела
|
| 610 |
1 |
|
|a атомная физика
|
| 610 |
1 |
|
|a модель атома Бора
|
| 610 |
1 |
|
|a волны де Бройля
|
| 610 |
1 |
|
|a неопределенности Гейзенберга
|
| 610 |
1 |
|
|a уравнения Шредингера
|
| 610 |
1 |
|
|a потенциальная яма
|
| 610 |
1 |
|
|a атомы
|
| 610 |
1 |
|
|a рентгеновские спектры
|
| 610 |
1 |
|
|a молекулы
|
| 610 |
1 |
|
|a квантовые частицы
|
| 610 |
1 |
|
|a электроны
|
| 610 |
1 |
|
|a фононы
|
| 610 |
1 |
|
|a полупроводники
|
| 610 |
1 |
|
|a диэлектрики
|
| 610 |
1 |
|
|a контактные явления
|
| 610 |
1 |
|
|a атомные ядра
|
| 610 |
1 |
|
|a радиоактивность
|
| 610 |
1 |
|
|a дозиметрия
|
| 610 |
1 |
|
|a ядерные реакции
|
| 610 |
1 |
|
|a учебные пособия
|
| 610 |
1 |
|
|a задачи
|
| 610 |
1 |
|
|a ядерная физика
|
| 675 |
|
|
|a 530.145.6(076)
|v 3
|
| 675 |
|
|
|a 539.2(076)
|v 3
|
| 675 |
|
|
|a 539.18(076)
|v 3
|
| 701 |
|
1 |
|a Парфенова
|b И. И.
|g Ирина Игоревна
|
| 701 |
|
1 |
|a Егоров
|b С. В.
|g Сергей Валентинович
|
| 701 |
|
1 |
|a Мустафаев
|b А. С.-У.
|g Александр Сеит-Умерович
|
| 701 |
|
1 |
|a Пщелко
|b Н. С.
|g Николай Сергеевич
|
| 701 |
|
1 |
|a Стоянова
|b Т. В.
|g Татьяна Вячеславовна
|
| 712 |
0 |
2 |
|a Санкт-Петербургский государственный горный институт им. Г. В. Плеханова (технический университет) (СПбГГИ (ТУ))
|2 stltpush
|3 (RuTPU)RU\TPU\col\54
|
| 801 |
|
1 |
|a RU
|b 63413507
|c 20080201
|g PSBO
|
| 801 |
|
2 |
|a RU
|b 63413507
|c 20151127
|g PSBO
|
| 900 |
|
|
|a Основы физики твердого тела
|
| 942 |
|
|
|c BK
|